| 000 | 00758cab a2200241 4500 | ||
|---|---|---|---|
| 001 | ABS48913 | ||
| 008 | 090401t1993 xxu||||| |||| 00| 0 eng d | ||
| 035 | _a(Sirsi) u69116 | ||
| 041 | _aeng | ||
| 100 | _aFranks, J. | ||
| 245 | _aMaking the most of design & build | ||
| 260 | _c1993 | ||
| 350 | _a0 | ||
| 490 |
_aChartered Quantity Surveyor _v15(11/12) July/August 1993, 18-21 |
||
| 520 | _aLooks at the development of design and build as a growing sector of the industry and concludes that opportunities for the QS are being missed. | ||
| 650 | _aBUILDING PROCUREMENT | ||
| 650 | _aDESIGN AND BUILD | ||
| 650 | _aMENTOR | ||
| 650 | _aProcurement-old | ||
| 690 | _aBUILT ENVIRONMENT-CONSTRUCTION DESIGN | ||
| 942 | _n0 | ||
| 948 | _c04/03/1997 | ||
| 999 |
_c43416 _d43416 |
||